Использование геоинформационных технологий при исследовании процессов техногенного подтопления урбанизированных территорий (на примере г. Томска); Известия Томского политехнического университета [Известия ТПУ]; Т. 307, № 7
| Parent link: | Известия Томского политехнического университета [Известия ТПУ]/ Томский политехнический университет (ТПУ).— , 2000- Т. 307, № 7.— 2004.— [С. 30-35] |
|---|---|
| Autor Principal: | |
| Outros autores: | , |
| Summary: | Заглавие с титульного листа Электронная версия печатной публикации Рассмотрены вопросы анализа гидрогеологических условий техногенного подтопления урбанизированной территории с использованием геоинформационных технологий. Описана структура гидрогеологической информации, представленной в виде покрытий электронной карты городской территории. Показаны основные приемы работы с атрибутивной информацией в целях комплексной оценки условий развития процесса подтопления урбанизированной территории. |
| Idioma: | ruso |
| Publicado: |
2004
|
| Series: | Естественные науки |
| Subjects: | |
| Acceso en liña: | http://www.lib.tpu.ru/fulltext/v/Bulletin_TPU/2004/v307/i7/07.pdf |
| Formato: | MixedMaterials Electrónico Capítulo de libro |
| KOHA link: | https://koha.lib.tpu.ru/cgi-bin/koha/opac-detail.pl?biblionumber=169977 |
MARC
| LEADER | 00000n a2a2200000 4500 | ||
|---|---|---|---|
| 001 | 169977 | ||
| 005 | 20240205161106.0 | ||
| 035 | |a (RuTPU)RU\TPU\book\184347 | ||
| 035 | |a RU\TPU\book\184344 | ||
| 090 | |a 169977 | ||
| 100 | |a 20091119d2004 k y0rusy50 ca | ||
| 101 | 0 | |a rus | |
| 102 | |a RU | ||
| 135 | |a drnn ---uucaa | ||
| 181 | 0 | |a i | |
| 182 | 0 | |a b | |
| 200 | 1 | |a Использование геоинформационных технологий при исследовании процессов техногенного подтопления урбанизированных территорий (на примере г. Томска) |f К. И. Кузеванов, Е. М. Дутова, Д. С. Покровский | |
| 203 | |a Текст |c электронный | ||
| 215 | |a 1 файл (674 Кб) | ||
| 225 | 1 | |a Естественные науки | |
| 300 | |a Заглавие с титульного листа | ||
| 300 | |a Электронная версия печатной публикации | ||
| 320 | |a [Библиогр.: с. 34-35 (10 назв.)] | ||
| 330 | |a Рассмотрены вопросы анализа гидрогеологических условий техногенного подтопления урбанизированной территории с использованием геоинформационных технологий. Описана структура гидрогеологической информации, представленной в виде покрытий электронной карты городской территории. Показаны основные приемы работы с атрибутивной информацией в целях комплексной оценки условий развития процесса подтопления урбанизированной территории. | ||
| 337 | |a Adobe Reader | ||
| 461 | 1 | |0 (RuTPU)RU\TPU\book\176237 |t Известия Томского политехнического университета [Известия ТПУ] |f Томский политехнический университет (ТПУ) |d 2000- | |
| 463 | 1 | |0 (RuTPU)RU\TPU\book\184338 |t Т. 307, № 7 |v [С. 30-35] |d 2004 |p 195 с. | |
| 610 | 1 | |a использование | |
| 610 | 1 | |a геоинформационные технологии | |
| 610 | 1 | |a исследования | |
| 610 | 1 | |a процессы | |
| 610 | 1 | |a подтопление | |
| 610 | 1 | |a урбанизированные территории | |
| 610 | 1 | |a Томск | |
| 610 | 1 | |a анализ | |
| 610 | 1 | |a гидрогеологические условия | |
| 610 | 1 | |a структуры | |
| 610 | 1 | |a информация | |
| 610 | 1 | |a покрытия | |
| 610 | 1 | |a электронные карты | |
| 610 | 1 | |a городские территории | |
| 610 | 1 | |a приемы | |
| 610 | 1 | |a работы | |
| 610 | 1 | |a комплексная оценка | |
| 610 | 1 | |a развитие | |
| 610 | 1 | |a процессы | |
| 610 | 1 | |a труды учёных ТПУ | |
| 610 | 1 | |a электронный ресурс | |
| 700 | 1 | |a Кузеванов |b К. И. |c геолог |c доцент Томского политехнического университета, кандидат геолого-минералогических наук |f 1955- |g Константин Иванович |3 (RuTPU)RU\TPU\pers\26077 |9 11915 | |
| 701 | 1 | |a Дутова |b Е. М. |c гидрогеолог |c профессор Томского политехнического университета, доктор геолого-минералогических наук |f 1956- |g Екатерина Матвеевна |3 (RuTPU)RU\TPU\pers\26078 |9 11916 | |
| 701 | 1 | |a Покровский |b Д. С. | |
| 801 | 1 | |a RU |b 63413507 |c 20090623 |g PSBO | |
| 801 | 2 | |a RU |b 63413507 |c 20210728 |g PSBO | |
| 856 | 4 | |u http://www.lib.tpu.ru/fulltext/v/Bulletin_TPU/2004/v307/i7/07.pdf | |
| 942 | |c CF | ||